Handbook for stock investors
| Main Author: | |
|---|---|
| Format: | Book |
| Published: |
Singapore :
Rank Books ,
1993
|
| Subjects: |
MARC
| LEADER | 00000cam a2200000 7i4500 | ||
|---|---|---|---|
| 001 | 0000006495 | ||
| 002 | 000007007 | ||
| 005 | 20000330.0 | ||
| 020 | |a 9810051409 | ||
| 090 | 0 | 0 | |a 332.6322 |b GOH |
| 100 | 0 | |a Goh Kheng Chuan | |
| 245 | 1 | 0 | |a Handbook for stock investors |c Goh Kheng Chuan |
| 260 | |a Singapore : |b Rank Books , |c 1993 | ||
| 300 | |a 160p. ; |c 21cm. | ||
| 650 | 0 | 0 | |a Stocks |
| 999 | |a 040049 |b BUKU |c PINJAMAN |e PERPUSTAKAAN KOMUNITI PETALING JAYA | ||
| 999 | |a 040050 |b BUKU |c PINJAMAN |e PERPUSTAKAAN KOMUNITI PETALING JAYA | ||